Penggunaan pengaturcaraan gol dalam masalah penjadualan waktu kursus universiti di Universiti Islam Antarabangsa Malaysia (UIAM) /
Saved in:
| Main Author: | |
|---|---|
| Format: | Thesis |
| Language: | Malay |
| Subjects: | |
| Tags: |
Add Tag
No Tags, Be the first to tag this record!
|
| LEADER | 014260000a22002890004500 | ||
|---|---|---|---|
| 008 | 140318t2013 my a g m 000 0 may d | ||
| 040 | |a UIAM |b eng |e rda | ||
| 041 | |a may | ||
| 050 | 4 | |a QA402.5 | |
| 100 | 0 | |a Wan Malissa binti Wan Mohd Aminuddin, |e author | |
| 245 | 1 | 0 | |a Penggunaan pengaturcaraan gol dalam masalah penjadualan waktu kursus universiti di Universiti Islam Antarabangsa Malaysia (UIAM) / |c by Wan Malissa Binti Wan Mohd Aminuddin |
| 300 | |a x, 96 leaves : |b illustrations ; |c 30 cm. | ||
| 336 | |2 rdacontent |a text | ||
| 337 | |2 rdamedia |a unmediated | ||
| 338 | |2 rdacarrier |a volume | ||
| 500 | |a "Disertasi yang dikemukakan untuk memenuhi sebahangian daripada syarat memperolehi Ijazah Sarjana Sains"-- On title page. | ||
| 502 | |a Tesis (S. Sn.)--Universiti Kebangsaan Malaysia, 2013. | ||
| 504 | |a Includes bibliographical references (leaves 33-35). | ||
| 546 | |a Abstract in Malay and English. | ||
| 596 | |a 1 | ||
| 610 | 2 | 0 | |a International Islamic University Malaysia |x Department of Mathematics |
| 655 | 0 | 7 | |a Theses, IIUM foreign |
| 690 | |a Dissertations, Academic |x Fakulti Sains dan Teknologi |z Universiti Kebangsaan Malaysia | ||
| 710 | 2 | |a Universiti Kebangsaan Malaysia. |b Fakulti Sains dan Teknologi | |
| 900 | |a amr-hj-mrm-naw | ||
| 999 | |c 437332 |d 470373 | ||
| 952 | |0 0 |6 T QA 000402.5 W244P 2013 |7 0 |8 THESES |9 759590 |a IIUM |b IIUM |c MULTIMEDIA |g 0.00 |o t QA 402.5 W244P 2013 |p 00011304432 |r 2017-10-20 |t 1 |v 0.00 |y THESIS | ||
